000 00522nam a2200169Ia 4500
999 _c25411
_d25411
003 OSt
005 20201208104840.0
008 190216s9999||||xx |||||||||||||| ||und||
040 _coclc
082 _a894.8124
_bGAN/K
100 _aGangadharan, Thikkurishi
_97272
245 0 _aKerala Varmayude Thiranjedutha Gadyakrithikal /
_cThikkurishi Gangadharan
260 _bNational Book Stall,
_aKottayam:
300 _a164p
650 _aLekhanam
942 _cBK
_2ddc
_h894.8124
_iGAN/K
_k894.8124
_mGAN/K